[Event "EYCC 2024 - G12"]
[Site "?"]
[Date "2024.08.31"]
[Round "9.1"]
[White "Matskevich, Varvara"]
[Black "Owczarek, Hanna"]
[Result "1-0"]
[BlackElo "1742"]
[WhiteElo "1956"]
[LiveChessVersion "1.4.8"]

1. d4 {[%clk 1:30:59]} Nf6 {[%clk 1:30:51]} 2. g3 {[%clk 1:31:20]} g6
{[%clk 1:30:55]} 3. Bg2 {[%clk 1:31:33]} Bg7 {[%clk 1:29:49]} 4. e4
{[%clk 1:31:38]} d6 {[%clk 1:29:04]} 5. Nc3 {[%clk 1:30:56]} O-O {[%clk 1:26:35]}
6. Nge2 {[%clk 1:30:32]} e5 {[%clk 1:23:08]} 7. O-O {[%clk 1:28:59]} Nbd7
{[%clk 1:19:17]} 8. h3 {[%clk 1:28:29]} Re8 {[%clk 1:16:41]} 9. Be3
{[%clk 1:26:53]} exd4 {[%clk 1:12:50]} 10. Bxd4 {[%clk 1:26:38]} Ne5
{[%clk 1:12:18]} 11. f4 {[%clk 1:23:01]} Nc6 {[%clk 1:12:11]} 12. Bf2
{[%clk 1:22:24]} Be6 {[%clk 1:06:07]} 13. Qd3 {[%clk 1:18:14]} a6
{[%clk 1:02:00]} 14. a3 {[%clk 1:16:26]} h5 {[%clk 0:58:32]} 15. Kh2
{[%clk 1:14:03]} Qd7 {[%clk 0:54:24]} 16. Rad1 {[%clk 1:11:45]} Rab8
{[%clk 0:52:59]} 17. Nd4 {[%clk 1:07:54]} Nxd4 {[%clk 0:47:41]} 18. Bxd4
{[%clk 1:07:01]} b5 {[%clk 0:45:15]} 19. b3 {[%clk 1:05:58]} Qd8 {[%clk 0:39:39]}
20. f5 {[%clk 1:03:42]} Bd7 {[%clk 0:38:49]} 21. fxg6 {[%clk 1:00:52]} fxg6
{[%clk 0:36:00]} 22. Bxf6 {[%clk 0:55:18]} Bxf6 {[%clk 0:33:59]} 23. e5
{[%clk 0:55:31]} Bf5 {[%clk 0:25:17]} 24. Rxf5 {[%clk 0:55:17]} gxf5
{[%clk 0:25:37]} 25. exf6 {[%clk 0:55:20]} Qxf6 {[%clk 0:25:26]} 26. Nd5
{[%clk 0:55:42]} Qg7 {[%clk 0:23:09]} 27. Qxf5 {[%clk 0:50:16]} Re5
{[%clk 0:21:37]} 28. Qd3 {[%clk 0:49:19]} Rbe8 {[%clk 0:19:15]} 29. Nf4
{[%clk 0:46:56]} Rg5 {[%clk 0:14:46]} 30. Bd5+ {[%clk 0:45:23]} 1-0

[Event "EYCC 2024 - G12"]
[Site "?"]
[Date "2024.08.31"]
[Round "9.2"]
[White "Rzadkowska, Kaja"]
[Black "Sahin, Zeynep Duru"]
[Result "1/2-1/2"]
[BlackElo "1698"]
[WhiteElo "1825"]
[LiveChessVersion "1.4.8"]

1. e4 {[%clk 1:30:59]} c5 {[%clk 1:30:51]} 2. Nf3 {[%clk 1:31:24]} d6
{[%clk 1:31:15]} 3. d4 {[%clk 1:31:49]} cxd4 {[%clk 1:31:38]} 4. Nxd4
{[%clk 1:32:13]} Nf6 {[%clk 1:31:59]} 5. Nc3 {[%clk 1:32:37]} Nc6
{[%clk 1:32:23]} 6. Bg5 {[%clk 1:32:47]} e6 {[%clk 1:32:43]} 7. Qd2
{[%clk 1:33:06]} a6 {[%clk 1:33:07]} 8. O-O-O {[%clk 1:33:09]} Bd7
{[%clk 1:33:21]} 9. f3 {[%clk 1:33:13]} Nxd4 {[%clk 1:32:45]} 10. Qxd4
{[%clk 1:33:19]} Be7 {[%clk 1:32:31]} 11. h4 {[%clk 1:30:36]} Qc7
{[%clk 1:26:40]} 12. g4 {[%clk 1:22:39]} Rc8 {[%clk 1:10:57]} 13. Be3
{[%clk 1:06:41]} Qc5 {[%clk 0:58:07]} 14. Qd2 {[%clk 0:57:19]} Qa5
{[%clk 0:57:53]} 15. Kb1 {[%clk 0:47:01]} Bc6 {[%clk 0:51:18]} 16. Bd4
{[%clk 0:36:08]} Rg8 {[%clk 0:36:34]} 17. g5 {[%clk 0:28:24]} Nd7
{[%clk 0:35:37]} 18. h5 {[%clk 0:26:11]} Bxg5 {[%clk 0:30:23]} 19. f4
{[%clk 0:24:40]} Be7 {[%clk 0:29:23]} 20. Bh3 {[%clk 0:18:17]} b5
{[%clk 0:26:18]} 21. Qe3 {[%clk 0:14:29]} b4 {[%clk 0:14:03]} 22. Ne2
{[%clk 0:13:16]} Nc5 {[%clk 0:14:03]} 23. Ng3 {[%clk 0:13:16]} 1/2-1/2

[Event "EYCC 2024 - G12"]
[Site "?"]
[Date "2024.08.31"]
[Round "9.3"]
[White "Levchenko, Alisa"]
[Black "Ejsymont, Blanka"]
[Result "0-1"]
[BlackElo "1861"]
[WhiteElo "1637"]
[LiveChessVersion "1.4.8"]

1. d4 {[%clk 1:30:52]} Nf6 {[%clk 1:30:54]} 2. c4 {[%clk 1:31:15]} e6
{[%clk 1:31:20]} 3. Nf3 {[%clk 1:31:30]} Bb4+ {[%clk 1:31:43]} 4. Bd2
{[%clk 1:31:39]} Bxd2+ {[%clk 1:32:07]} 5. Qxd2 {[%clk 1:31:52]} d5
{[%clk 1:32:30]} 6. g3 {[%clk 1:29:47]} c6 {[%clk 1:32:31]} 7. Bg2
{[%clk 1:29:16]} O-O {[%clk 1:32:25]} 8. O-O {[%clk 1:29:07]} dxc4
{[%clk 1:31:53]} 9. Ne5 {[%clk 1:23:56]} b5 {[%clk 1:31:21]} 10. a4
{[%clk 1:12:03]} Nd5 {[%clk 1:31:03]} 11. Nc3 {[%clk 1:08:11]} f6
{[%clk 1:30:43]} 12. Ng4 {[%clk 1:01:48]} b4 {[%clk 1:20:09]} 13. Na2
{[%clk 0:58:26]} a5 {[%clk 1:11:37]} 14. e4 {[%clk 0:54:20]} Nb6 {[%clk 0:59:42]}
15. Nc1 {[%clk 0:49:33]} e5 {[%clk 0:56:52]} 16. Nxe5 {[%clk 0:45:49]} fxe5
{[%clk 0:54:01]} 17. d5 {[%clk 0:46:01]} cxd5 {[%clk 0:49:19]} 18. exd5
{[%clk 0:46:21]} Qd6 {[%clk 0:49:28]} 19. Ne2 {[%clk 0:45:54]} Bb7
{[%clk 0:48:45]} 20. Rfd1 {[%clk 0:44:32]} Na6 {[%clk 0:47:43]} 21. f4
{[%clk 0:42:10]} Nc5 {[%clk 0:43:24]} 22. fxe5 Qxe5 {[%clk 0:41:35]} 23. Nd4
{[%clk 0:34:35]} Nd3 {[%clk 0:39:26]} 24. Ne6 {[%clk 0:31:54]} Rf2
{[%clk 0:32:38]} 25. Qxf2 {[%clk 0:28:28]} Nxf2 {[%clk 0:32:50]} 26. Kxf2
{[%clk 0:28:54]} Bxd5 {[%clk 0:32:19]} 27. Bxd5 {[%clk 0:28:56]} Nxd5
{[%clk 0:32:40]} 28. Nd4 {[%clk 0:28:38]} Rf8+ {[%clk 0:32:52]} 29. Kg2
{[%clk 0:27:48]} Ne3+ {[%clk 0:33:14]} 30. Kg1 {[%clk 0:27:26]} Nxd1
{[%clk 0:33:40]} 31. Rxd1 {[%clk 0:27:49]} Qe3+ {[%clk 0:33:53]} 32. Kg2
{[%clk 0:27:18]} Rd8 {[%clk 0:33:52]} 33. h4 {[%clk 0:27:16]} Rxd4
{[%clk 0:34:16]} 34. Rxd4 {[%clk 0:27:35]} Qxd4 {[%clk 0:34:41]} 35. g4
{[%clk 0:27:53]} Qxg4+ {[%clk 0:35:07]} 36. Kf2 {[%clk 0:28:17]} Qh3
{[%clk 0:35:31]} 37. h5 {[%clk 0:28:36]} c3 {[%clk 0:35:52]} 38. bxc3
{[%clk 0:28:52]} b3 {[%clk 0:36:16]} 39. c4 {[%clk 0:29:07]} b2 {[%clk 0:36:38]}
40. c5 {[%clk 0:29:33]} b1=R {[%clk 0:36:53]} 41. c6 {[%clk 0:29:56]} Rb2+
{[%clk 0:37:12]} 42. Kg1 {[%clk 0:30:16]} Qe3+ {[%clk 0:37:37]} 43. Kf1
{[%clk 0:30:32]} Qc1# {[%clk 0:38:01]} 0-1

[Event "EYCC 2024 - G12"]
[Site "?"]
[Date "2024.08.31"]
[Round "9.4"]
[White "Bassari, Senem Gul"]
[Black "Tolmaceva, Alona"]
[Result "1-0"]
[BlackElo "1766"]
[WhiteElo "1774"]
[LiveChessVersion "1.4.8"]

1. e4 {[%clk 1:30:43]} c5 {[%clk 1:30:54]} 2. Nf3 {[%clk 1:31:04]} d6
{[%clk 1:31:17]} 3. d4 {[%clk 1:31:26]} cxd4 {[%clk 1:31:38]} 4. Nxd4
{[%clk 1:31:50]} Nf6 {[%clk 1:32:02]} 5. Nc3 {[%clk 1:32:13]} a6 {[%clk 1:32:19]}
6. Be2 {[%clk 1:32:07]} e5 {[%clk 1:31:56]} 7. Nb3 {[%clk 1:32:34]} Be7
{[%clk 1:31:25]} 8. O-O {[%clk 1:32:45]} Nc6 {[%clk 1:29:23]} 9. f4
{[%clk 1:32:08]} b5 {[%clk 1:23:55]} 10. a3 {[%clk 1:30:23]} Bb7 {[%clk 1:22:07]}
11. f5 {[%clk 1:26:31]} h5 {[%clk 1:17:20]} 12. Kh1 {[%clk 1:24:33]} Qb6
{[%clk 1:12:46]} 13. Bf3 {[%clk 1:09:52]} O-O-O {[%clk 0:49:27]} 14. Qe2
{[%clk 1:06:40]} Ng4 {[%clk 0:48:00]} 15. Nd5 {[%clk 0:58:07]} Qa7
{[%clk 0:47:55]} 16. Bxg4 {[%clk 0:52:35]} hxg4 {[%clk 0:48:02]} 17. Be3
{[%clk 0:51:11]} Qb8 {[%clk 0:48:13]} 18. Qxg4 {[%clk 0:50:49]} Bf6
{[%clk 0:47:49]} 19. a4 {[%clk 0:41:30]} Rh4 {[%clk 0:45:29]} 20. Qf3
{[%clk 0:39:40]} Rdh8 {[%clk 0:45:27]} 21. h3 {[%clk 0:38:01]} Nd4
{[%clk 0:43:51]} 22. Nxd4 {[%clk 0:27:27]} Bxd5 {[%clk 0:43:00]} 23. exd5
{[%clk 0:24:19]} exd4 {[%clk 0:43:16]} 24. Bf2 {[%clk 0:23:30]} R4h6
{[%clk 0:38:15]} 25. Rfd1 {[%clk 0:19:03]} bxa4 {[%clk 0:33:04]} 26. Rxa4
{[%clk 0:16:48]} Qxb2 {[%clk 0:32:11]} 27. Rxa6 {[%clk 0:15:17]} Be5
{[%clk 0:26:31]} 28. Rc6+ {[%clk 0:12:48]} Kd7 {[%clk 0:26:23]} 29. Qg4
{[%clk 0:10:45]} Bf6 {[%clk 0:26:09]} 30. Bg3 {[%clk 0:09:43]} Rh4
{[%clk 0:25:31]} 31. Rxd6+ {[%clk 0:07:12]} Ke7 {[%clk 0:25:04]} 32. Qe2+
{[%clk 0:06:51]} Kf8 {[%clk 0:25:26]} 33. Bxh4 {[%clk 0:04:30]} Rxh4
{[%clk 0:25:43]} 34. Re1 {[%clk 0:02:46]} Kg8 {[%clk 0:25:59]} 35. Qe8+
{[%clk 0:02:57]} Kh7 {[%clk 0:26:21]} 36. Rxf6 {[%clk 0:01:55]} gxf6
{[%clk 0:26:38]} 37. Qxf7+ {[%clk 0:02:20]} 1-0

[Event "EYCC 2024 - G12"]
[Site "?"]
[Date "2024.08.31"]
[Round "9.5"]
[White "Allahverdi, Zahra"]
[Black "Pehlivanova, Aleksandra"]
[Result "1-0"]
[BlackElo "1793"]
[WhiteElo "1698"]
[LiveChessVersion "1.4.8"]

1. d4 {[%clk 1:30:58]} Nf6 {[%clk 1:30:54]} 2. c4 {[%clk 1:31:16]} g6
{[%clk 1:31:20]} 3. Nc3 {[%clk 1:31:40]} Bg7 {[%clk 1:31:41]} 4. g3
{[%clk 1:32:02]} c6 {[%clk 1:32:07]} 5. Bg2 {[%clk 1:32:25]} d5 {[%clk 1:32:27]}
6. cxd5 {[%clk 1:32:05]} cxd5 {[%clk 1:32:52]} 7. Nf3 {[%clk 1:32:23]} O-O
{[%clk 1:32:44]} 8. O-O {[%clk 1:32:31]} Ne4 {[%clk 1:32:22]} 9. Qb3
{[%clk 1:31:29]} Nc6 {[%clk 1:30:39]} 10. e3 {[%clk 1:29:45]} Na5
{[%clk 1:28:25]} 11. Qd1 {[%clk 1:28:19]} Nxc3 {[%clk 1:27:48]} 12. bxc3
{[%clk 1:28:44]} Bf5 {[%clk 1:26:40]} 13. Nh4 {[%clk 1:26:21]} Be6
{[%clk 1:24:13]} 14. f4 {[%clk 1:21:48]} Qc8 {[%clk 1:16:28]} 15. Bd2
{[%clk 1:19:05]} Bh3 {[%clk 1:09:27]} 16. Bxd5 {[%clk 1:02:29]} Bxf1
{[%clk 1:09:42]} 17. Qxf1 {[%clk 1:02:56]} e6 {[%clk 1:09:11]} 18. Bf3
{[%clk 1:02:09]} Qc7 {[%clk 1:05:27]} 19. Be1 {[%clk 0:53:15]} Rac8
{[%clk 1:05:23]} 20. Rb1 {[%clk 0:51:32]} b6 {[%clk 1:05:05]} 21. Be2
{[%clk 0:46:36]} Nc4 {[%clk 1:03:27]} 22. Ng2 {[%clk 0:44:37]} Rfd8
{[%clk 1:02:42]} 23. Rb4 {[%clk 0:42:30]} Nd6 {[%clk 1:02:20]} 24. Ba6
{[%clk 0:40:41]} Rb8 {[%clk 1:01:42]} 25. Bd3 {[%clk 0:39:33]} Qc6
{[%clk 0:56:15]} 26. Nh4 {[%clk 0:37:07]} b5 {[%clk 0:55:11]} 27. Nf3
{[%clk 0:35:45]} a6 {[%clk 0:51:41]} 28. Ne5 {[%clk 0:31:51]} Qc7
{[%clk 0:49:33]} 29. Qg2 {[%clk 0:30:25]} Rdc8 {[%clk 0:48:40]} 30. g4
{[%clk 0:23:32]} a5 {[%clk 0:43:12]} 31. Rb1 {[%clk 0:23:34]} Nc4
{[%clk 0:33:27]} 32. Qe2 {[%clk 0:22:41]} Bxe5 {[%clk 0:31:31]} 33. fxe5
{[%clk 0:21:12]} g5 {[%clk 0:25:13]} 34. Qf3 {[%clk 0:20:51]} Qe7
{[%clk 0:21:45]} 35. Qe4 f5 {[%clk 0:20:46]} 36. exf6 {[%clk 0:20:08]} Qf7
{[%clk 0:20:22]} 37. Rc1 {[%clk 0:16:55]} Rb7 {[%clk 0:15:04]} 38. Bg3
{[%clk 0:12:35]} Nd2 {[%clk 0:15:05]} 39. Qg2 {[%clk 0:12:14]} Nc4
{[%clk 0:15:25]} 40. Qf3 {[%clk 0:11:31]} Rd7 {[%clk 0:15:10]} 41. e4
{[%clk 0:10:54]} Rcd8 {[%clk 0:12:10]} 42. e5 {[%clk 0:10:35]} Rc7
{[%clk 0:12:04]} 43. Qf2 {[%clk 0:09:24]} Rdc8 {[%clk 0:11:58]} 44. d5
{[%clk 0:08:00]} exd5 {[%clk 0:10:44]} 45. Bf5 {[%clk 0:08:02]} Rc6
{[%clk 0:07:57]} 46. Bxc8 {[%clk 0:08:21]} Rxc8 {[%clk 0:08:25]} 47. Qf5
{[%clk 0:08:36]} Re8 {[%clk 0:07:23]} 48. Re1 {[%clk 0:07:53]} Re6
{[%clk 0:06:43]} 49. Qxg5+ {[%clk 0:07:57]} Qg6 {[%clk 0:06:42]} 50. Qf5
{[%clk 0:06:47]} Kf7 {[%clk 0:06:52]} 51. Qf3 {[%clk 0:06:39]} Nb6
{[%clk 0:06:18]} 52. Qe2 {[%clk 0:05:58]} Nc4 {[%clk 0:06:26]} 53. Qf2
{[%clk 0:04:37]} Nb6 {[%clk 0:06:14]} 54. Qf5 {[%clk 0:03:51]} Na4
{[%clk 0:05:32]} 55. Qf3 {[%clk 0:03:11]} Nb6 {[%clk 0:05:43]} 56. h4
{[%clk 0:02:44]} Qc2 {[%clk 0:04:21]} 57. Bf2 {[%clk 0:02:31]} Qg6
{[%clk 0:00:39]} 58. Bxb6 Rxb6 {[%clk 0:01:05]} 59. Qxd5+ {[%clk 0:02:57]} Ke8
{[%clk 0:01:07]} 60. g5 {[%clk 0:02:33]} Qf5 {[%clk 0:00:50]} 61. Qg8+
{[%clk 0:02:43]} Kd7 {[%clk 0:01:03]} 62. Rd1+ {[%clk 0:02:51]} Kc7
{[%clk 0:00:42]} 63. Qd8+ {[%clk 0:02:27]} Kb7 {[%clk 0:00:56]} 64. Rd7+
{[%clk 0:02:45]} 1-0

[Event "EYCC 2024 - G12"]
[Site "?"]
[Date "2024.08.31"]
[Round "9.7"]
[White "Hangyal, Anna"]
[Black "Harutyunyan, Gabriela"]
[Result "1/2-1/2"]
[BlackElo "1565"]
[WhiteElo "1853"]
[LiveChessVersion "1.4.8"]

1. e4 {[%clk 1:30:56]} c5 {[%clk 1:30:23]} 2. c3 {[%clk 1:31:20]} e6
{[%clk 1:30:42]} 3. d4 {[%clk 1:31:28]} d5 {[%clk 1:30:54]} 4. e5
{[%clk 1:31:50]} Nc6 {[%clk 1:30:11]} 5. Nf3 {[%clk 1:32:08]} Nge7
{[%clk 1:24:13]} 6. Na3 {[%clk 1:32:16]} a6 {[%clk 1:23:50]} 7. Nc2
{[%clk 1:31:55]} Nf5 {[%clk 1:22:42]} 8. Bd3 {[%clk 1:29:22]} b5 {[%clk 1:16:19]}
9. Bd2 {[%clk 1:23:56]} c4 {[%clk 1:11:44]} 10. Be2 {[%clk 1:23:30]} a5
{[%clk 1:11:09]} 11. b3 {[%clk 1:21:23]} Ba6 {[%clk 1:09:24]} 12. Ne3
{[%clk 1:13:49]} Nh4 {[%clk 1:04:05]} 13. Nxh4 {[%clk 1:11:21]} Qxh4
{[%clk 1:04:11]} 14. a4 {[%clk 1:09:54]} b4 {[%clk 1:01:15]} 15. bxc4
{[%clk 1:09:24]} dxc4 {[%clk 1:01:38]} 16. Bxc4 {[%clk 1:09:36]} Bxc4
{[%clk 1:00:52]} 17. Nxc4 {[%clk 1:09:59]} bxc3 {[%clk 1:00:20]} 18. Bxc3
{[%clk 1:10:22]} Qe4+ {[%clk 0:58:20]} 19. Ne3 {[%clk 1:10:23]} Bb4
{[%clk 0:58:27]} 20. Bxb4 {[%clk 1:10:22]} axb4 {[%clk 0:58:02]} 21. O-O
{[%clk 1:09:04]} Nxd4 {[%clk 0:54:35]} 22. a5 {[%clk 1:09:16]} O-O
{[%clk 0:53:51]} 23. Ra4 {[%clk 1:08:56]} Rfd8 {[%clk 0:53:07]} 24. Kh1
{[%clk 1:00:40]} Qxe5 {[%clk 0:53:01]} 25. Qb1 {[%clk 0:58:12]} b3
{[%clk 0:52:06]} 26. Rd1 {[%clk 0:58:09]} Nc2 {[%clk 0:49:30]} 27. Rxd8+
{[%clk 0:49:21]} Rxd8 {[%clk 0:49:51]} 28. h3 {[%clk 0:48:41]} Nxe3
{[%clk 0:49:28]} 29. fxe3 {[%clk 0:49:03]} b2 {[%clk 0:45:18]} 30. Rb4
{[%clk 0:46:03]} Qxa5 {[%clk 0:45:14]} 31. Rxb2 {[%clk 0:46:16]} Qe5
{[%clk 0:45:19]} 32. Qc1 {[%clk 0:46:00]} h5 {[%clk 0:45:06]} 33. Rc2
{[%clk 0:45:37]} Kh7 {[%clk 0:44:26]} 34. Rc4 {[%clk 0:36:06]} g6
{[%clk 0:41:18]} 35. Qf1 {[%clk 0:32:56]} Kg8 {[%clk 0:40:24]} 36. Rf4
{[%clk 0:27:09]} Ra8 {[%clk 0:38:18]} 37. Qf3 {[%clk 0:23:47]} Ra1+
{[%clk 0:38:24]} 38. Kh2 {[%clk 0:24:08]} Ra3 {[%clk 0:36:07]} 39. Qb7
{[%clk 0:15:44]} Qg7 {[%clk 0:31:43]} 40. Qb8+ {[%clk 0:15:10]} Qf8
{[%clk 0:31:23]} 41. Qe5 {[%clk 0:15:19]} Qe7 {[%clk 0:30:24]} 42. Rc4
{[%clk 0:15:07]} Ra8 {[%clk 0:27:27]} 43. Rc7 {[%clk 0:11:55]} Qf8
{[%clk 0:27:45]} 44. Qf4 {[%clk 0:11:00]} Qg7 {[%clk 0:27:37]} 45. h4
{[%clk 0:09:33]} Ra5 {[%clk 0:26:43]} 46. e4 {[%clk 0:06:11]} g5 {[%clk 0:24:27]}
47. hxg5 {[%clk 0:06:32]} Rxg5 {[%clk 0:24:49]} 48. g3 {[%clk 0:06:33]} Rg4
{[%clk 0:24:53]} 49. Qf3 {[%clk 0:04:54]} h4 {[%clk 0:22:52]} 50. Rxf7
{[%clk 0:02:50]} Qb2+ {[%clk 0:23:00]} 51. Kh1 {[%clk 0:02:19]} Qc1+
{[%clk 0:23:26]} 52. Qf1 {[%clk 0:02:06]} Qxf1+ {[%clk 0:23:11]} 53. Rxf1
{[%clk 0:02:34]} Rxe4 {[%clk 0:21:49]} 54. gxh4 {[%clk 0:02:52]} Rxh4+
{[%clk 0:22:16]} 55. Kg2 {[%clk 0:03:12]} Kg7 {[%clk 0:22:39]} 56. Kf3
{[%clk 0:03:20]} Kg6 {[%clk 0:22:40]} 57. Ke3 {[%clk 0:03:30]} Rh5
{[%clk 0:21:05]} 58. Rg1+ {[%clk 0:02:17]} Kf6 {[%clk 0:20:39]} 59. Rg3
{[%clk 0:02:28]} Ke5 {[%clk 0:20:47]} 60. Ke2 {[%clk 0:02:22]} Rh4
{[%clk 0:20:37]} 61. Ra3 {[%clk 0:02:36]} Rh2+ {[%clk 0:20:10]} 62. Ke1
{[%clk 0:03:00]} Ke4 {[%clk 0:20:29]} 63. Rb3 {[%clk 0:03:26]} e5
{[%clk 0:20:50]} 64. Ra3 {[%clk 0:03:51]} Kf4 {[%clk 0:21:12]} 65. Rb3
{[%clk 0:04:07]} e4 {[%clk 0:21:20]} 66. Ra3 {[%clk 0:04:32]} Rh5
{[%clk 0:19:54]} 67. Ke2 {[%clk 0:04:10]} Rb5 {[%clk 0:19:19]} 68. Rh3
{[%clk 0:03:54]} Rb4 {[%clk 0:19:10]} 69. Ra3 {[%clk 0:03:57]} e3
{[%clk 0:18:28]} 70. Ra8 {[%clk 0:04:14]} Rb2+ {[%clk 0:18:42]} 71. Ke1
{[%clk 0:04:38]} 1/2-1/2

[Event "EYCC 2024 - G12"]
[Site "?"]
[Date "2024.08.31"]
[Round "9.8"]
[White "Sunea, Sara Maria"]
[Black "Komar, Valerie"]
[Result "1-0"]
[BlackElo "1695"]
[WhiteElo "1871"]
[LiveChessVersion "1.4.8"]

1. e4 {[%clk 1:30:57]} e5 {[%clk 1:30:54]} 2. Nf3 {[%clk 1:31:23]} Nf6
{[%clk 1:31:15]} 3. Nxe5 {[%clk 1:31:46]} d6 {[%clk 1:31:43]} 4. Nf3
{[%clk 1:32:09]} Nxe4 {[%clk 1:32:10]} 5. Qe2 {[%clk 1:32:35]} Qe7
{[%clk 1:32:23]} 6. d3 {[%clk 1:33:01]} Nf6 {[%clk 1:32:47]} 7. Bg5
{[%clk 1:33:27]} Qxe2+ {[%clk 1:31:13]} 8. Bxe2 {[%clk 1:33:55]} Be7
{[%clk 1:31:34]} 9. Nc3 {[%clk 1:34:20]} Be6 {[%clk 1:29:08]} 10. O-O-O
{[%clk 1:34:20]} O-O {[%clk 1:26:39]} 11. Rde1 {[%clk 1:34:43]} Nc6
{[%clk 1:21:52]} 12. Bd1 {[%clk 1:34:55]} h6 {[%clk 1:14:13]} 13. Bd2
{[%clk 1:35:18]} a6 {[%clk 1:13:35]} 14. h3 {[%clk 1:35:07]} b5 {[%clk 1:12:05]}
15. g4 {[%clk 1:34:59]} b4 {[%clk 1:09:45]} 16. Ne2 {[%clk 1:33:44]} Nd5
{[%clk 1:08:10]} 17. Nfd4 {[%clk 1:28:09]} Bd7 {[%clk 0:59:48]} 18. f4
{[%clk 1:20:07]} Bh4 {[%clk 0:52:18]} 19. Ref1 {[%clk 1:19:16]} Rab8
{[%clk 0:49:54]} 20. Nf3 {[%clk 1:06:57]} Be7 {[%clk 0:48:28]} 21. g5
{[%clk 1:04:00]} h5 {[%clk 0:46:40]} 22. Nh4 {[%clk 1:00:49]} g6 {[%clk 0:43:26]}
23. Ng3 {[%clk 0:56:52]} Nd4 {[%clk 0:39:46]} 24. f5 {[%clk 0:56:22]} Kh7
{[%clk 0:39:54]} 25. Rh2 {[%clk 0:43:04]} c5 {[%clk 0:34:30]} 26. Rhf2
{[%clk 0:39:45]} a5 {[%clk 0:31:17]} 27. fxg6+ {[%clk 0:34:26]} fxg6
{[%clk 0:31:38]} 28. Rf7+ {[%clk 0:34:52]} Rxf7 {[%clk 0:31:55]} 29. Rxf7+
{[%clk 0:35:20]} Kg8 {[%clk 0:32:15]} 30. Rf2 {[%clk 0:34:30]} Kg7
{[%clk 0:30:46]} 31. Rh2 {[%clk 0:17:02]} Ne6 {[%clk 0:28:48]} 32. Nf3
{[%clk 0:16:37]} Nef4 {[%clk 0:27:14]} 33. h4 {[%clk 0:16:04]} a4
{[%clk 0:27:05]} 34. Ng1 {[%clk 0:13:25]} b3 {[%clk 0:24:05]} 35. cxb3
{[%clk 0:12:43]} axb3 {[%clk 0:22:29]} 36. Bxb3 {[%clk 0:12:01]} Nxd3+
{[%clk 0:22:25]} 37. Kc2 {[%clk 0:11:48]} N5b4+ {[%clk 0:22:26]} 38. Bxb4
{[%clk 0:12:03]} Nxb4+ {[%clk 0:22:54]} 39. Kb1 {[%clk 0:10:57]} d5
{[%clk 0:22:48]} 40. a3 {[%clk 0:10:10]} c4 {[%clk 0:20:01]} 41. Bxc4
{[%clk 0:09:42]} dxc4 {[%clk 0:20:29]} 42. axb4 {[%clk 0:10:11]} Bxb4
{[%clk 0:18:09]} 43. Rc2 {[%clk 0:07:50]} Be6 {[%clk 0:16:30]} 44. N1e2
{[%clk 0:07:31]} Bc5 {[%clk 0:13:52]} 45. Ne4 {[%clk 0:05:55]} Be3
{[%clk 0:12:22]} 46. Rc3 {[%clk 0:04:36]} Bb6 {[%clk 0:10:48]} 47. Nd6
{[%clk 0:03:43]} Ba5 {[%clk 0:10:50]} 48. Re3 {[%clk 0:04:02]} Bg8
{[%clk 0:09:29]} 49. Nf4 {[%clk 0:03:59]} c3 {[%clk 0:09:11]} 50. Re7+
{[%clk 0:04:10]} Bf7 {[%clk 0:08:52]} 51. Rxf7+ {[%clk 0:03:51]} Kg8
{[%clk 0:09:16]} 52. Ne6 {[%clk 0:02:35]} 1-0

[Event "EYCC 2024 - G12"]
[Site "?"]
[Date "2024.08.31"]
[Round "9.9"]
[White "Cretescu, Emma"]
[Black "Kaminska, Zuzanna"]
[Result "0-1"]
[BlackElo "1848"]
[WhiteElo "1607"]
[LiveChessVersion "1.4.8"]

1. d4 {[%clk 1:30:57]} Nf6 {[%clk 1:30:52]} 2. Nf3 {[%clk 1:31:21]} e6
{[%clk 1:31:15]} 3. e3 {[%clk 1:31:44]} b6 {[%clk 1:31:38]} 4. Bd3
{[%clk 1:31:58]} Bb7 {[%clk 1:32:02]} 5. O-O {[%clk 1:32:10]} c5 {[%clk 1:31:38]}
6. b3 {[%clk 1:32:02]} Be7 {[%clk 1:31:49]} 7. Bb2 {[%clk 1:32:02]} O-O
{[%clk 1:31:38]} 8. Nbd2 {[%clk 1:32:20]} Nc6 {[%clk 1:30:58]} 9. a3
{[%clk 1:30:25]} d5 {[%clk 1:30:45]} 10. Ne5 {[%clk 1:30:14]} Nxe5
{[%clk 1:22:04]} 11. dxe5 {[%clk 1:30:33]} Nd7 {[%clk 1:19:42]} 12. f4
{[%clk 1:26:48]} Qc7 {[%clk 1:06:57]} 13. Qh5 {[%clk 1:09:41]} g6
{[%clk 1:03:40]} 14. Qh6 {[%clk 1:04:51]} Rfd8 {[%clk 0:57:13]} 15. Rf3
{[%clk 0:36:01]} Bf8 {[%clk 0:39:33]} 16. Qh4 {[%clk 0:34:10]} c4
{[%clk 0:37:46]} 17. Rh3 {[%clk 0:30:50]} h6 {[%clk 0:37:41]} 18. bxc4
{[%clk 0:29:01]} dxc4 {[%clk 0:34:44]} 19. Nxc4 {[%clk 0:24:34]} Nc5
{[%clk 0:32:32]} 20. Bd4 {[%clk 0:19:26]} Nxd3 {[%clk 0:26:28]} 21. cxd3
{[%clk 0:19:37]} Ba6 {[%clk 0:19:55]} 22. a4 {[%clk 0:13:30]} Bxc4
{[%clk 0:16:07]} 23. Rc1 {[%clk 0:12:19]} Qd7 {[%clk 0:15:50]} 24. Rxc4
{[%clk 0:11:24]} Rdc8 {[%clk 0:15:22]} 25. a5 {[%clk 0:05:23]} Qb5
{[%clk 0:11:00]} 26. Qe1 {[%clk 0:02:26]} Qxa5 {[%clk 0:06:40]} 27. Qxa5
{[%clk 0:02:20]} bxa5 {[%clk 0:07:05]} 28. Rxc8 {[%clk 0:02:04]} Rxc8
{[%clk 0:07:31]} 29. Rf3 {[%clk 0:00:53]} a6 {[%clk 0:06:03]} 30. Rf2
{[%clk 0:00:47]} a4 {[%clk 0:05:29]} 31. Ra2 {[%clk 0:00:49]} a3 {[%clk 0:05:33]}
32. Kf2 {[%clk 0:00:47]} Rc1 {[%clk 0:05:52]} 33. Ke2 {[%clk 0:00:43]} Rg1
{[%clk 0:06:03]} 34. Kf2 {[%clk 0:00:52]} Rh1 {[%clk 0:05:49]} 35. h3
{[%clk 0:01:21]} Rc1 {[%clk 0:06:06]} 36. Ke2 {[%clk 0:00:51]} Bb4 37. Kf2 Kf8
{[%clk 0:06:18]} 38. Ke2 {[%clk 0:00:45]} Ke8 {[%clk 0:06:42]} 39. Kf2
{[%clk 0:00:43]} Kd7 {[%clk 0:07:06]} 40. Ke2 {[%clk 0:01:12]} Kc6
{[%clk 0:07:24]} 41. e4 {[%clk 0:01:04]} Kb5 {[%clk 0:07:27]} 42. Ra1
{[%clk 0:00:37]} Rc2+ {[%clk 0:03:47]} 43. Kf3 {[%clk 0:00:35]} Rd2
{[%clk 0:03:37]} 44. Ke3 {[%clk 0:00:36]} Rxg2 {[%clk 0:03:53]} 45. Kf3
{[%clk 0:00:47]} Rc2 {[%clk 0:04:06]} 46. Ke3 {[%clk 0:00:38]} Ka4
{[%clk 0:04:22]} 47. h4 {[%clk 0:00:36]} a2 {[%clk 0:04:36]} 48. h5
{[%clk 0:00:32]} Kb3 {[%clk 0:04:36]} 49. hxg6 {[%clk 0:00:42]} fxg6
{[%clk 0:04:59]} 50. f5 {[%clk 0:00:51]} gxf5 {[%clk 0:04:36]} 51. exf5
{[%clk 0:01:20]} exf5 {[%clk 0:04:02]} 52. e6 {[%clk 0:01:30]} Rc6
{[%clk 0:04:17]} 53. Kf4 {[%clk 0:00:59]} Rxe6 {[%clk 0:04:19]} 54. Kxf5
{[%clk 0:01:19]} Rd6 {[%clk 0:04:34]} 55. Bg7 {[%clk 0:00:35]} Rxd3
{[%clk 0:04:51]} 56. Ke4 {[%clk 0:00:44]} Rg3 {[%clk 0:04:36]} 57. Be5
{[%clk 0:00:49]} Rg2 {[%clk 0:04:37]} 58. Kf3 {[%clk 0:00:50]} Rc2
{[%clk 0:05:01]} 59. Ke3 {[%clk 0:00:58]} Bc3 {[%clk 0:05:13]} 0-1